000 01292nam a2200313 i 4500
001 000027171
003 DO-SdBNP
005 20240930125901.0
007 ta
008 110330s1981 dr ac 001 0 spa d
040 _aDO-SdBNP
_bspa
_cBNPHU
_erda
082 _a917.29323
_bI62i
_222
245 0 0 _aInvestigaciones en las islas Beata y Alto Velo /
_cintroducción Bernardo Vega ; edición José Chez Checo.
264 _aSanto Domingo :
_bMuseo del Hombre Dominicano
_bMarina de Guerra,
_c1981.
300 _a248 páginas :
_bilustraciones retratos. ;
_c21 cm.
336 _ardacontent
_btexto
_2txt
337 _ardamedia
_bsin mediación
_2n
338 _brdacarrier
_0volumen
_2nc
490 1 _aInvestigaciones antropológicas
_v18
504 _aIncluye bibliografía y notas al pie de las páginas y al final de capítulos.
650 4 _aExpediciones científicas
_zPedernales (República Dominicana{Rpara}
_954232
651 4 _aBeata (Isla{Rpara}
_xDescripciones Y Viajes
_954233
651 4 _aAlto Velo (Isla{Rpara}
_xDescripciones Y Viajes
_954234
700 1 2 _aChez Checo, José,
_d1949-
_eeditor
_910145
700 1 2 _aVega, Bernardo,
_d1938 -
_eintrod.
_93222
830 0 _aInvestigaciones antropológicas
_n18
_954235
910 _aValidado. Control de calidad EMS
942 _2ddc
_cLBS1
999 _c26663
_d26663